LEADER 01529nam a2200253 i 4500 001 000000354052 003 CaOOAMICUS 005 20230607105112.0 008 230606s1909 it u000 u ita u 040 $aSeMil$bita 100 1 $aBersani Dossena, Angelo,$c.$0(OLS)http://semarc/name/14813 245 13$aIl catechismo spiegato al popolo per via di esempi e similitudini /$cBersani mons. Angelo. 250 $a8. Ed. 264 1$aLodi :$bTipografia vescovile Quirico e Camagni,$c1909. 300 $a3 v. (479, 372, 314 p. compless.) ;$c19 cm. 490 1 $aPiccola biblioteca dei curati di campagna ;$v1-3 650 4$aCatechismo - Manuali e sussidi.$0(OLS)http://semarc/subject/253 774 0 $aBersani Dossena, Angelo $t1: Il credo spiegato al popolo.$dLodi : Tipografia vescovile Quirico e Camagni, 1909.$b8. Ed.$w()354059 774 0 $aBersani Dossena, Angelo $t2: Il Pater Noster e i dieci comandamenti.$dLodi : Tipografia vescovile Quirico e Camagni, 1909.$b8. Ed.$w()354060 774 0 $aBersani Dossena, Angelo $t3: Dei precetti della chiesa e dei sacramenti.$dLodi : Tipografia vescovile Quirico e Camagni, 1909.$b8. Ed.$w()354061 830 0$aPiccola biblioteca dei curati di campagna ;$v1-3.$0(OLS)http://semarc/title/43545 996 $6245$aIl catechismo spiegato al popolo per via di esempi e similitudini$9(OLS)http://semarc/title/444197 996 $6264$aLodi :$bTipografia vescovile Quirico e Camagni$9(OLS)http://semarc/publisher/61025 LEADER 00757nam a2200205 i 4500 001 000000226425 003 CaOOAMICUS 005 20140122000000.0 008 140122s1981 it u000 u ita u 013 $a205327 040 $aSeMil$bita 245 10$a2 /$ccontributi di Margaret Binotto Soragni ... [et al.]. 300 $a297 p. :$bill. 500 $aEsemplare n. 567 di ed. numerata. - In custodia. 700 1 $aBinotto Soragni, Margaret.$0(OLS)http://semarc/name/78571 773 0 $tLombardia.$dMilano : Electa, 1980.$w()29350 850 $aSeMil 852 $aSeMil$W1$xVenegono$y1$m4Y VIII 68$j176771$B176771$CSeMilBibl$Z2$F188414 $81 961 $aOmaggio: Grampa dott. Cesare 996 $6245$a2$9(OLS)http://semarc/title/46890